LEADER 01045nlm2 22003019 a450 001 996403146503316 005 20210224112516.0 010 $a0-8032-1454-5 100 $a20000724d1999---- uy 0 101 0 $aeng 102 $aUS 135 $adrcnu 200 1 $a<> Alvar Nu?n?ez Cabeza de Vaca$ehis account, his life, and the expedition of Pa?nfilo de Narva?ez$fRolena Adorno & Patrick Charles Pautz 210 1 $aLincoln, Neb.$cUniversity of Nebraska Press$d1999 215 $aTesto elettronico (PDF) (XXV, 412 p.: ill.) 230 $aBase dati testuale 410 0$aACLS Humanities E-Book. 461 $1001996403146103316$aAlvar Nu?n?ez Cabeza de Vaca 700 1$aADORNO,$bRolena$0259050 701 1$aNÚÑEZ CABEZA DE VACA,$bAlvar$0395349 701 1$aPAUTZ,$bPatrick Charles$0790896 712 02$aAmerican Council of Learned Societies. 801 0$bcba$aIT$bcba$gREICAT 912 $a996403146503316 959 $aEB 969 $aER 996 $aAlvar Nu?n?ez Cabeza de Vaca$91766853 997 $aUNISA LEADER 01674nas 2200541- 450 001 996436554003316 005 20230522010532.0 011 $a1467-3045 035 $a(DE-599)ZDB2090836-2 035 $a(OCoLC)266547226 035 $a(CKB)110975506072243 035 $a(CONSER)---00244539- 035 $a(EXLCZ)99110975506072243 100 $a19991222a19999999 --- a 101 0 $aeng 135 $aur|n||||||||| 181 $ctxt$2rdacontent 182 $cc$2rdamedia 183 $acr$2rdacarrier 200 10$aCurrent issues in molecular biology 210 1$aWydmondham, Norfolk, U.K. :$cCaister Academic Press,$d1999- 210 31$aBasel, Switzerland :$cMDPI 215 $a1 online resource 300 $aRefereed/Peer-reviewed 300 $aTitle from cover. 311 08$aPrint version: Current issues in molecular biology. 1467-3037 (DLC) 00244539 (OCoLC)43079783 517 3 $aMolecular biology 517 1 $aCIMB 531 $aCURR ISSUES MOL BIOL 531 $aCURR. ISSUES MOL. BIOL 606 $aMolecular biology$vPeriodicals 606 $aMolecular Biology 606 $aBiologie moléculaire$vPériodiques 606 $aMolecular biology$2fast$3(OCoLC)fst01024734 608 $aPeriodical 608 $aperiodicals.$2aat 608 $aPeriodicals.$2fast 608 $aPeriodicals.$2lcgft 608 $aPériodiques.$2rvmgf 615 0$aMolecular biology 615 12$aMolecular Biology 615 6$aBiologie moléculaire 615 7$aMolecular biology. 676 $a572.805 906 $aJOURNAL 912 $a996436554003316 996 $aCurrent issues in molecular biology$92052662 997 $aUNISA